Statistiques concernant Les métiers dans le titre des chansons

Cliquez ici pour prendre le quiz!

Statistiques générales

  • Ce quiz a été pris 150 fois
  • Le résultat moyen est 8 sur 23

Statistiques - réponses

ChanteurTitre de la chansonRéponse% Correct
Vanessa ParadisJoe le ....taxi
94%
Michel BergerLa groupie du ....pianiste
88%
Hugues AufrayAdieu Monsieur le .....professeur
81%
Serge GainsbourgLe ... des Lilaspoinçonneur
80%
BourvilLa tactique du ....gendarme
74%
Serge ReggianiLe .... de Sévillebarbier
71%
Michel Sardou.... de jazzchanteur
70%
Michel DelpechQuand j'étais ....chanteur
65%
Johnny HallydayLe .... abandonnéchanteur
50%
Michel Sardou.... de campagnemédecin
37%
Johnny HallydaySi j'étais un ...charpentier
20%
Pierre PerretLe ....plombier
17%
Henri SalvadorLe blues du ....dentiste
16%
Luis MarianoLes .... du Portugallavandières
11%
Francis LemarqueLe petit ....cordonnier
9%
Georges MoustakiLe ....facteur
6%
Enrico MaciasUn .... vient de tomberberger
5%
Michel SardouLe ....curé
5%
Maurice ChevalierLa chanson du ....maçon
4%
Karen Cheryl.... menteurdocteur
3%
Gilbert BécaudLe .... de Varsoviepianiste
2%
Stone et ChardenLa musique de ....camionneur
2%
Annie CordyLes ... au clair de lunedouaniers
0%

Distribution des résultats

Percentile par nombre de réponses

% des personnes avec chaque résultat

Votre développement - résultats

Vous n’avez pas pris ce quiz